000
00232nam a2200097Ia 4500
008
230907s9999||||xx |||||||||||||| ||und||
082
_a
530.8
_b
SIM
245
0
_a
Dimensional analysis for engineers /
300
_a
134 p.
942
_c
BK
999
_c
598413
_d
598413